Els fons de protocols de Catalunya : estat actual i proposta de sistematització / coordinador: Laureà Pagarolas i Sabaté ; autors: Lluïsa Cases i Loscos ... [et al.] estat actual i proposta de sistematització / coordinador:
ISBN:
84-922482-5-4
Descripción Física:
308 p. ; 21 cm
MARC
| LEADER | 00000nam a2200000Ia 4500 | ||
|---|---|---|---|
| 001 | 16827 | ||
| 008 | 160829s2005 xx 000 0 cat d | ||
| 020 | |a 84-922482-5-4 | ||
| 080 | |a A-2-228 | ||
| 245 | |a Els fons de protocols de Catalunya : |b estat actual i proposta de sistematització / coordinador: |b Laureà Pagarolas i Sabaté ; autors: |b Lluïsa Cases i Loscos ... [et al.] | ||
| 260 | |a [Barcelona] : |b Associació d'Arxivers de Catalunya, |c 2005 | ||
| 300 | |a 308 p. ; |c 21 cm | ||
| 490 | |a Textos / Associació d'Arxivers de Catalunya ; 5 | ||
| 650 | |a Arxius notarials |x Catalunya |9 26657 | ||
| 650 | |a Documents públics |x Arxius |x Catalunya |9 26658 | ||
| 700 | |a Pagarolas i Sabaté, Laureà |9 34104 | ||
| 700 | |a Cases i Loscos, Lluïsa |9 26660 | ||
| 710 | 2 | |a Associació d'Arxivers de Catalunya |9 52966 | |
| 901 | |a Arxiu | ||
| 942 | |n 1 | ||
| 952 | |0 0 |1 0 |4 0 |6 A2228 |7 1 |9 44095 |a Arxiu |b Arxiu |d 2016-12-01 |l 0 |o A-2-228 |p 16827 |r 2016-12-01 00:00:00 |w 2016-12-01 |y ARXIU | ||
| 999 | |c 46675 |d 46675 | ||